1813 1494 1798 1026 1384 1549 1353 1421 1124 1629 1454 1091 1094 1753 1609 1334 1935 1522 1455 1696 1143 1701 1012 1404 1563 1329 1359 1921 1390 1711 1157 1421 1873 1825 1492 1166 1766 1130 1990 1916 1567 1570 1665 1380 1163 1054 1136 1412 1419 1337 1757 1545 1371 1300 1210 1914 1460 1704 1974 1179 1175 1456 1711 1322 1104 1040 1162 1383 1261 1895 1898 1249 1292 1482 1036 1401 1897 1525 1726 1736 1506 1691 1361 1202 1757 1093 1906 1012 1295 1462 1155 1544 1721 1658 1916 1277 1170 1089 1042 BCNSPRNW ULIB Ver.6.0+V

เปลี่ยนเป็นภาษาไทย

Change to English
 แสดงรายละเอียดบรรณานุกรม
  กลับหน้าหลัก

Brief Record : Get Marc (ISO 2709) : E-mail record : QR code < ปิดหน้าต่าง
LEADER : 00000nam 2200000uu 4500
001    13399121187
003     ULIB
008    121108s2550||||th 000 0 tha d
020    ^a9789747348576
050 04 ^aLB2369^bส881ก
100 0  ^aสุวิทย์ มูลคำ
245 10 ^aการพัฒนาผลงานทางวิชาการสู่...การเลื่อนวิทยฐานะ /^cสุวิทย์ มูลคำ,สุนันทา สุนทรประเสริฐ
250    ^aพิมพ์ครั้งที่ 1
260    ^aกรุงเทพฯ :^bอี เค บุ๊คส์,^c2550
300    ^a580 หน้า ;^c26 ซม
650  7 ^aการเขียนทางวิชาการ
650  7 ^aครู^xการเลื่อนขั้น
945    ^p300^l0^i16484
995    ^aวิภา
999 ^a ทศพร
รายการนี้ยังไม่มีแท็ก
คุณยังไม่ได้ล็อกอิน คุณสามารถมีกิจกรรมร่วมกับเว็บไซต์ได้ แต่ต้องล็อกอินก่อน ::
  ล็อกอิน

รายการสื่อสารสนเทศ

ลำดับที่ ประเภท เลขเรียก/บาร์โค้ด สถานที่ สถานะ
1. วิทยาศาสตร์การแพทย์ และสุขภาพ
วิทยาศาสตร์การแพทย์ และสุขภาพ
LB2369 ส881ก  
  Barcode: 16484
ห้องสมุดวิทยาเขตสวรรค์ประชารักษ์
►หนังสือทั่วไป
บนชั้น

รายการใกล้เคียง
    ผู้แต่ง [สุวิทย์ มูลคำ]

    หัวเรื่อง [การเขียนทางวิชาการ]

BibComment


ยังไม่เคยถูกคอมเมนท์

คอมเมนท์ทรัพยากรรายการนี้
  คอมเมนท์: การพัฒนาผลงานทาง..


 Copyright 2026. Bcnsprnw @Library